000 00472cam a2200181ua 4500
001 3595
008 111118n ii |||gr||||Z||||||asm
040 _cMAIN
082 _a891.4513
100 1 _aKalita, Arupa Patangia,
245 1 1 _aDeopaharar bhagnastoopat
_cby Arupa pattangia Kalita
250 _a1st.
260 _aGuwahati:
_bSahitya Prakash,999.
300 _a179p:
_c23cm.
653 _aAssamese short stories
653 _aDeopaharar bhagnastoopat
942 _cBK
999 _c3436
_d3436